• 首页
  • 本馆介绍
  • 公告通知
  • 最新文献
  • 馆藏检索
  • 电子资源
  • 读者导购
  • 参考咨询
  • 我的图书馆
  • 登录
  • 详细信息显示
  • 放入我的书架
  • 预约/预借图书
  • 作者相关作品
  • 分类相关作品
  • 丛书相关作品
  • 出版社相关作品

书目信息

  • 表格格式
  • 工作单格式
  • 卡片格式
题名:
中国民间遗趣
    
 
作者: 时勇 著
分册:  
出版信息: 郑州   郑州大学出版社  2015.01
页数: 287页
开本: 24cm
丛书名:
单 册:
中图分类: G122-49 , J12-49
科图分类:
主题词: 俗文化--中国--通俗读物 , 民间艺术--中国--通俗读物
电子资源:
ISBN: 978-7-5645-2064-9
000 00889nam0 2200265 450
001 0120151471604
005 20160614150831.84
010    @a978-7-5645-2064-9@dCNY39.00
100    @a20150321d2015 em y0chiy50 ea
101 0  @achi
102    @aCN@b410000
105    @aafg z 000yy
106    @ar
200 1  @a中国民间遗趣@9zhong guo min jian yi qu@f时勇著
210    @a郑州@c郑州大学出版社@d2015.01
215    @a287页@c图,照片@d24cm
330    @a本书共分为:启智角力;说猜逗舞;模人拟物;赏玩捕斗;声响巧动;时尚习俗几部分,主要内容包括:智力玩具、地头土棋、博弈牌戏、角力竞技、投掷弹打、说说唱唱、逗乐挑趣等。
333    @a文化遗迹相关研究人员
606 0  @a俗文化@y中国@j通俗读物
606 0  @a民间艺术@y中国@j通俗读物
690    @aG122-49@v5
690    @aJ12-49@v5
701  0 @a时勇@9shi yong@4著
801  0 @aCN@b人天书店@c20150321
905    @b879136-41@dG122-49@e159@f6
    
    中国民间遗趣/时勇著.-郑州:郑州大学出版社,2015.01
    287页:图,照片;24cm
    使用对象:文化遗迹相关研究人员
    
    ISBN 978-7-5645-2064-9:CNY39.00
    本书共分为:启智角力;说猜逗舞;模人拟物;赏玩捕斗;声响巧动;时尚习俗几部分,主要内容包括:智力玩具、地头土棋、博弈牌戏、角力竞技、投掷弹打、说说唱唱、逗乐挑趣等。
●
相关链接 在E读中查询图书 在五车中查询图书 在当当中查询图书 在豆瓣中查询图书


正题名:中国民间遗趣     索取号:G122-49/159         预约/预借

序号 登录号 条形码 馆藏地/架位号 状态 备注
1 879136   208791360   第一样本阅览室/ [索取号:G122-49/159] 在馆    
2 879137   208791379   教育系资料室/ [索取号:G122-49/159] 在馆    
3 879138   208791388   教育系资料室/ [索取号:G122-49/159] 在馆    
4 879139   208791397   教育系资料室/ [索取号:G122-49/159] 在馆    
5 879140   208791404   第四借阅区/ [索取号:G122-49/159] 在馆    
6 879141   208791413   第四借阅区/ [索取号:G122-49/159] 在馆    
唐山师范学院图书馆 欢迎您!
大连网信软件有限公司© 版权所有